Investment market update UK (Record no. 83999)

MARC details
000 -LEADER
fixed length control field 01393cad a22002175a 4500
001 - CONTROL NUMBER
control field L156412
008 - FIXED-LENGTH DATA ELEMENTS--GENERAL INFORMATION
fixed length control field 120518s2012 xxk 000 0 eng d
035 ## - SYSTEM CONTROL NUMBER
System control number (Sirsi) u156412
041 0# - LANGUAGE CODE
Language code of text/sound track or separate title eng
110 2# - MAIN ENTRY--CORPORATE NAME
Corporate name or jurisdiction name as entry element DTZ
245 00 - TITLE STATEMENT
Title Investment market update UK
Medium [electronic resource]
260 ## - PUBLICATION, DISTRIBUTION, ETC.
Place of publication, distribution, etc. London
Name of publisher, distributor, etc. DTZ
Date of publication, distribution, etc. 2012
490 #0 - SERIES STATEMENT
Series statement DTZ Investment Market Update UK
Volume/sequential designation Q1 2012 15 May 2012
520 ## - SUMMARY, ETC.
Summary, etc. UK commercial property transactions were maintained at £7.5bn in Q1 2012, less than 1% down on the previous quarter. Greater London remains the biggest driver of transactions with its Q1 volume increasing to £4.7bn, taking it to a 62% share of the whole, off-setting the declines in most of the other UK regions. Private property vehicles continued to dominate activity. Office share of total investments rose to 53% in Q1, the fifth successive rise, largely at the expense of retail. Secondary values are expected to soften in 2012 and this will be reflected in pricing.
520 ## - SUMMARY, ETC.
Summary, etc. Executive summary - Economic context - UK investment volume - Source of capital - Investor type - Property type - Outlook- Significant deals and key figures.
590 ## - LOCAL NOTE (RLIN)
Local note NTK KA
651 #4 - SUBJECT ADDED ENTRY--GEOGRAPHIC NAME
Geographic name United Kingdom
690 ## - LOCAL SUBJECT ADDED ENTRY--TOPICAL TERM (OCLC, RLIN)
Topical term or geographic name as entry element Commercial property
9 (RLIN) 6227
856 40 - ELECTRONIC LOCATION AND ACCESS
Uniform Resource Identifier <a href="https://www.dtz.com/Global/Research/Investment+Market+Update+UK+Q1+2012">https://www.dtz.com/Global/Research/Investment+Market+Update+UK+Q1+2012</a>
Public note View the report after free registration at www.dtz.com
942 ## - ADDED ENTRY ELEMENTS (KOHA)
Suppress in OPAC 0
Holdings
Withdrawn status Lost status Source of classification or shelving scheme Damaged status Not for loan Home library Current library Shelving location Date acquired Total Checkouts Full call number Barcode Date last seen Copy number Price effective from Koha item type
    Dewey Decimal Classification     Virtual Virtual Online 18/05/2012   ONLINE PUBLICATION 156412-2001 06/08/2019 1 06/08/2019 Book